| 000 | 01018nam a2200229 4500 | ||
|---|---|---|---|
| 001 | 126004 | ||
| 003 | ES-MaACL | ||
| 005 | 20230906192732.0 | ||
| 007 | t| | ||
| 008 | 070214s1970 sp r ||||1| spa d | ||
| 111 | 2 |
_aCurso-Simposio sobre la Rehabilitacion del Paraplejico ( _cMadrid ( _d1969) _9135130 |
|
| 245 | 1 | 3 |
_aLa rehabilitación del parapléjico _b: curso-symposium / _cCentro de Traumatología y Rehabilitación ; director, Dr. López de la Garma. |
| 260 |
_aMadrid : _bCiudad Sanitaria `La Paz` : _bMinisterio de Trabajo, Instituto Nacional de Previsión, _c1970. |
||
| 300 |
_a267 p. ; _c24 cm. |
||
| 490 | 1 | _aMonografías médicas de la Seguridad Social | |
| 700 | 1 |
_aLópez de la Garma, Francisco. _973552 |
|
| 710 | 2 |
_aCiudad Sanitaria La Paz. _bCentro de Rehabilitación y Traumatología. _92847 |
|
| 710 | 0 | 0 |
_aInstituto Nacional de Previsión (España) _95180 |
| 830 | 0 |
_aMonografías médicas de la Seguridad Social _9219088 |
|
| 852 |
_aES-MaACL _jC-37964 _bR.72669 |
||
| 999 |
_c126004 _d126004 |
||